000 00804nam a2200205Ia 4500
005 20241216011342.0
008 190429s9999||||xx |||||||||||||| ||und||
082 _a616.462
_bC26
100 _aCARRERA SANCHEZ, JESSICA VALENTINA Y MUÑOZ RAYMUNDO, PATRICIA LISBET
245 0 _aINFLUENCIA DEL USO DEL YACON (SMALLANTHUS SONCHIFOLIUS) EN EL ALIVIO DE LOS SIGNOS Y SINTOMAS DE LOS PACIENTES AMBULATORIOS CON DIABETES MILLITUS EN EL HOSPITAL FELIX MAYORCA SOTO DE TARMA OCTUBRE - DICIEMBRE DEL 2002
250 _a0
260 _aCERRO DE PASCO-PERU
_bUNDAC
_c2003
300 _a50 pag.
_c30 cm.
341 _h0
490 _v0
_a0
505 _aMETODOS/MATERIAL/REULTADO DISCUSION/CONCLUSION
541 _aD
_bCARRERA SANCHEZ JESSICA
_d11-Mar-05
_oSoles
650 _aEnfermería
942 _cTESIS
999 _c39544
_d39544